000 00847cam a2200253 a 4500
999 _c488
_d488
001 488998
003 OSt
005 20190816113809.0
008 160923s2015 njuab b 001 0 eng
010 _a2015005727
020 _a9780691176024
040 _aDLC
_beng
_cDLC
_dTMUE
_eaacr
042 _anbic
082 0 _a576.84 WIG
100 1 _aWignall, P. B.
_eauthor
245 1 4 _aThe worst of times :
_bhow life on earth survived eighty million years of extinctions /
_cPaul B. Wignall.
260 _aPrinceton, New Jersey :
_bPrinceton University Press,
_cc2015.
300 _axvii, 199 p., 16 p. of plates :
_bill. (some col.), maps (some col.) ;
_c23 cm.
504 _aIncludes bibliographical references (p. [179]-189) and index.
650 0 _aMass extinctions.
650 0 _aExtinction (Biology)
650 0 _aSurvival.
942 _2ddc
_cNFIC